000 00265nam a22001217a 4500
008 170522b xxu||||| |||| 00| 0 eng d
041 _aALB
080 _a94
100 _a16
101 _aSHH
245 _aHISTORIA E LETERSIS SHQIPE
_cSHALA.M
942 _2udc
_cBK
999 _c13702
_d13702